Statistics for Premier League Captains

Click here to take the quiz!

General Stats

  • This quiz has been taken 4,059 times
    (670 since last reset)
  • The average score is 11 of 20

Answer Stats

ClubCaptain% Correct
LiverpoolJordan Henderson
92%
Manchester UnitedHarry Maguire
83%
Aston VillaJack Grealish
82%
TottenhamHugo Lloris
80%
ArsenalPierre-Emerick Aubameyang
78%
BrightonLewis Dunk
65%
Manchester CityFernandinho
64%
ChelseaCésar Azpilicueta
62%
West HamMark Noble
62%
BurnleyBen Mee
59%
WolvesConor Coady
56%
EvertonSéamus Coleman
51%
LeicesterWes Morgan
51%
SouthamptonJames Ward-Prowse
51%
NewcastleJamaal Lascelles
35%
LeedsLiam Cooper
31%
Crystal PalaceLuka Milivojevic
30%
Sheffield UnitedBilly Sharp
24%
FulhamTom Cairney
22%
West BromJake Livermore
15%

Score Distribution

Percentile by Number Answered

Percent of People with Each Score

Your Score History

You have not taken this quiz since the last reset